15 nhà thơ Mỹ thế kỷ XX

Kaydedildi:
Detaylı Bibliyografya
Materyal Türü: Kitap
Baskı/Yayın Bilgisi: 2004
Etiketler: Etiketle
Etiket eklenmemiş, İlk siz ekleyin!
Thư viện lưu trữ: Mạng thư viện Đại học Đà Nẵng
LEADER 00438nam a22001811a 4500
001 000039019
003 15314
005 20160412021908.0
008 160412s2004 000
082 |a 4V(TK)503 
245 |a 15 nhà thơ Mỹ thế kỷ XX  |c Hoàng Hưng 
260 |c 2004 
OWN |a LNN 
999 |a From the UDN01 
TYP |a Monograph 
980 |a Mạng thư viện Đại học Đà Nẵng